| 000 | 01059nam a22002655a 4500 | ||
|---|---|---|---|
| 003 | OSt | ||
| 005 | 20170309152513.0 | ||
| 008 | 170226s2003 ua frb 000 0 ara d | ||
| 015 | _a2003 / 19763 | ||
| 020 | _a9770443301 | ||
| 040 |
_aEG-ScBUE _bara _cEG-ScBUE |
||
| 043 | _af-ua--- | ||
| 082 | 0 | 4 |
_a346.620166 _bع ل ي _222 |
| 100 | 1 | _aعلي، جمال عبد الرحمن محمد. | |
| 245 | 1 | 0 |
_aنظام الخلع ومدى أحقية الزوجين غير المسلمين في الاستفادة من أحكامه / _cجمال عبد الرحمن محمد علي. |
| 250 | _aط. 1. | ||
| 260 |
_aالقاهرة : _bدار النهضة العربية، _c2003. |
||
| 300 |
_a205 ص. ؛ _c24 سم. |
||
| 504 | _aيشتمل على إرجاعات ببليوجرافية. | ||
| 650 | 7 |
_aالخلع (الطلاق) _xقوانين وتشريعات _zمصر. _2BUEsh |
|
| 650 | 7 |
_aالأحوال الشخصية لغير المسلمين _xقوانين وتشريعات _zمصر _2BUEsh |
|
| 651 | _2BUEsh | ||
| 653 |
_bLLAAWW _cMarch2017 |
||
| 942 | _2ddc | ||
| 999 |
_c24337 _d24309 |
||